All Countries and US States - Statistics

General Stats
  • This quiz has been taken 46 times
  • The average score is 150 of 246
Answers on the Map
Answers color-coded by a green-red scale on the quiz's map according to % correct below.
 
Answer Stats
Answer % Correct
California
76%
Canada
76%
Cuba
76%
Denmark
76%
Florida
76%
Georgia
76%
India
76%
Mexico
76%
Peru
76%
United States
76%
Afghanistan
71%
Alabama
71%
Andorra
71%
Argentina
71%
Arkansas
71%
Australia
71%
Austria
71%
Belarus
71%
Belgium
71%
Brazil
71%
Chile
71%
China
71%
Delaware
71%
Egypt
71%
Finland
71%
France
71%
Germany
71%
Haiti
71%
Hawaii
71%
Iceland
71%
Indonesia
71%
Ireland
71%
Israel
71%
Italy
71%
Japan
71%
Lebanon
71%
Malaysia
71%
Michigan
71%
Netherlands
71%
New Zealand
71%
Nicaragua
71%
North Carolina
71%
North Dakota
71%
Norway
71%
Portugal
71%
Saudi Arabia
71%
South Carolina
71%
South Dakota
71%
Spain
71%
Sweden
71%
Switzerland
71%
Texas
71%
Turkey
71%
United Arab Emirates
71%
United Kingdom
71%
Venezuela
71%
Vermont
71%
Washington
71%
Alaska
65%
Algeria
65%
Angola
65%
Arizona
65%
Bahamas
65%
Bangladesh
65%
Bolivia
65%
Colombia
65%
Colorado
65%
Connecticut
65%
Croatia
65%
Cyprus
65%
Democratic Republic of the Congo
65%
Dominica
65%
Dominican Republic
65%
Ecuador
65%
El Salvador
65%
Fiji
65%
Greece
65%
Guatemala
65%
Guinea
65%
Guyana
65%
Illinois
65%
Iran
65%
Iraq
65%
Jamaica
65%
Jordan
65%
Kansas
65%
Kenya
65%
Latvia
65%
Madagascar
65%
Maine
65%
Malta
65%
Massachusetts
65%
Mongolia
65%
Morocco
65%
Nebraska
65%
Nepal
65%
New Jersey
65%
New York
65%
Niger
65%
Nigeria
65%
North Korea
65%
Ohio
65%
Oklahoma
65%
Pakistan
65%
Panama
65%
Philippines
65%
Poland
65%
Russia
65%
Serbia
65%
Slovakia
65%
Somalia
65%
South Africa
65%
South Korea
65%
Sudan
65%
Suriname
65%
Tennessee
65%
Tunisia
65%
Ukraine
65%
Uruguay
65%
Utah
65%
Vatican City
65%
Virginia
65%
West Virginia
65%
Wyoming
65%
Albania
59%
Bhutan
59%
Bosnia and Herzegovina
59%
Bulgaria
59%
Cambodia
59%
Chad
59%
Congo
59%
Costa Rica
59%
Czech Republic
59%
Estonia
59%
Grenada
59%
Idaho
59%
Indiana
59%
Iowa
59%
Kazakhstan
59%
Kentucky
59%
Laos
59%
Liberia
59%
Libya
59%
Lithuania
59%
Luxembourg
59%
Maryland
59%
Mauritius
59%
Missouri
59%
Monaco
59%
Montana
59%
Myanmar
59%
Nevada
59%
New Hampshire
59%
New Mexico
59%
Oman
59%
Oregon
59%
Papua New Guinea
59%
Paraguay
59%
Romania
59%
Rwanda
59%
Saint Kitts and Nevis
59%
Samoa
59%
Slovenia
59%
South Sudan
59%
Syria
59%
Thailand
59%
Togo
59%
Vietnam
59%
Yemen
59%
Zambia
59%
Zimbabwe
59%
Armenia
53%
Belize
53%
Benin
53%
Botswana
53%
Brunei
53%
Central African Republic
53%
Djibouti
53%
East Timor
53%
Eritrea
53%
Ethiopia
53%
Ghana
53%
Honduras
53%
Hungary
53%
Ivory Coast
53%
Kyrgyzstan
53%
Lesotho
53%
Liechtenstein
53%
Louisiana
53%
Macedonia
53%
Mali
53%
Marshall Islands
53%
Mauritania
53%
Micronesia
53%
Minnesota
53%
Mississippi
53%
Namibia
53%
Pennsylvania
53%
Qatar
53%
Rhode Island
53%
Saint Lucia
53%
Saint Vincent and the Grenadines
53%
San Marino
53%
Solomon Islands
53%
Sri Lanka
53%
Taiwan
53%
Tajikistan
53%
Tonga
53%
Trinidad and Tobago
53%
Turkmenistan
53%
Tuvalu
53%
Uganda
53%
Uzbekistan
53%
Vanuatu
53%
Wisconsin
53%
Antigua and Barbuda
47%
Azerbaijan
47%
Barbados
47%
Burundi
47%
Cameroon
47%
Cape Verde
47%
Comoros
47%
Equatorial Guinea
47%
Eswatini
47%
Gambia
47%
Guinea Bissau
47%
Kiribati
47%
Kosovo
47%
Kuwait
47%
Malawi
47%
Maldives
47%
Moldova
47%
Montenegro
47%
Mozambique
47%
Nauru
47%
Palau
47%
Sao Tome and Principe
47%
Senegal
47%
Seychelles
47%
Singapore
47%
Tanzania
47%
Bahrain
41%
Burkina Faso
41%
Gabon
41%
Sierra Leone
41%
No matching quizzes found
Score Distribution
Percent of People with Each Score
Percentile by Number Answered
Your Score History
You have not taken this quiz